[Event "Deutsche Blitz-Einzelmeisterschaft der Frauen 2021"]
[Site "Magdeburg"]
[Date "2021.08.01"]
[Round "13"]
[Board "8"]
[White "Zschischang, Marine"]
[Black "Ries, Jutta"]
[Result "1-0"]
[WhiteElo "2034"]
[BlackElo "2094"]
[PlyCount "0"]
[EventDate "2021.08.01"]
[EventRounds "21"]
[EventCountry "GER"]

1. d4 {[%clk 0:03:03]} Nf6 {[%clk 0:03:03]} 2. Nf3 {[%clk 0:03:04]} c5 {[%clk
0:03:04]} 3. e3 {[%clk 0:03:05]} cxd4 {[%clk 0:03:04]} 4. exd4 {[%clk 0:03:06]}
d6 {[%clk 0:03:05]} 5. Bd3 {[%clk 0:03:02]} g6 {[%clk 0:03:06]} 6. c3 {[%clk
0:03:03]} Bg7 {[%clk 0:03:07]} 7. Be3 {[%clk 0:03:03]} O-O {[%clk 0:03:07]} 8.
Qd2 {[%clk 0:02:59]} Re8 {[%clk 0:03:07]} 9. O-O {[%clk 0:02:54]} Bg4 {[%clk
0:03:08]} 10. Ng5 {[%clk 0:02:46]} h6 {[%clk 0:03:04]} 11. Ne4 {[%clk 0:02:47]}
Nxe4 {[%clk 0:03:05]} 12. Bxe4 {[%clk 0:02:47]} Kh7 {[%clk 0:03:06]} 13. Bxb7
{[%clk 0:02:46]} Nd7 {[%clk 0:03:06]} 14. Bxa8 {[%clk 0:02:41]} Qxa8 {[%clk
0:03:07]} 15. Na3 {[%clk 0:02:35]} Nf6 {[%clk 0:03:06]} 16. f3 {[%clk 0:02:35]}
Bd7 {[%clk 0:03:06]} 17. Rfe1 {[%clk 0:02:25]} Qb7 {[%clk 0:03:07]} 18. b3 {[%clk
0:02:18]} e6 {[%clk 0:03:06]} 19. Rac1 {[%clk 0:02:14]} d5 {[%clk 0:03:06]} 20.
c4 {[%clk 0:02:07]} dxc4 {[%clk 0:03:04]} 21. bxc4 {[%clk 0:02:01]} Qa6 {[%clk
0:02:55]} 22. Nb1 {[%clk 0:01:57]} Rc8 {[%clk 0:03:05]} 23. Qe2 {[%clk 0:01:46]}
Ne8 {[%clk 0:02:57]} 24. d5 {[%clk 0:01:39]} exd5 {[%clk 0:02:50]} 25. cxd5
{[%clk 0:01:39]} Bb5 {[%clk 0:02:49]} 26. Qd2 {[%clk 0:01:32]} Rd8 {[%clk
0:02:49]} 27. Rc5 {[%clk 0:01:18]} Nd6 {[%clk 0:02:48]} 28. Nc3 {[%clk 0:01:13]}
Nc4 {[%clk 0:02:38]} 29. Qf2 {[%clk 0:00:59]} Bxc3 {[%clk 0:02:36]} 30. Rb1
{[%clk 0:00:52]} Rb8 {[%clk 0:02:12]} 31. Rc7 {[%clk 0:00:43]} Bg7 {[%clk
0:01:57]} 32. Rxa7 {[%clk 0:00:40]} Qf6 {[%clk 0:01:52]} 33. Rc7 {[%clk 0:00:36]}
Nxe3 {[%clk 0:01:53]} 34. Qxe3 {[%clk 0:00:34]} Qd4 {[%clk 0:01:49]} 35. Qxd4
{[%clk 0:00:27]} Bxd4+ {[%clk 0:01:50]} 36. Kh1 {[%clk 0:00:28]} Be5 {[%clk
0:01:42]} 37. Rxf7+ {[%clk 0:00:25]} Kg8 {[%clk 0:01:43]} 38. Re7 {[%clk
0:00:16]} Ba4 {[%clk 0:01:30]} 39. Rxb8+ {[%clk 0:00:16]} Bxb8 {[%clk 0:01:31]}
40. Rb7 {[%clk 0:00:16]} Bd6 {[%clk 0:01:22]} 41. Rb6 {[%clk 0:00:26]} Be7 {[%clk
0:01:28]} 42. d6 {[%clk 0:00:27]} Bf6 {[%clk 0:01:24]} 43. Ra6 {[%clk 0:00:26]}
Bb5 {[%clk 0:01:10]} 44. Rb6 {[%clk 0:00:27]} Ba4 {[%clk 0:01:07]} 45. Rb4 {[%clk
0:00:27]} Bd7 {[%clk 0:01:08]} 46. Rb7 {[%clk 0:00:25]} Be6 {[%clk 0:01:07]} 47.
d7 {[%clk 0:00:25]} Bxa2 {[%clk 0:01:02]} 48. Rb8+ {[%clk 0:00:26]} Kf7 {[%clk
0:01:03]} 49. d8=Q {[%clk 0:00:27]} Bxd8 {[%clk 0:01:04]} 50. Rxd8 {[%clk
0:00:27]} Be6 {[%clk 0:01:05]} 51. Rb8 {[%clk 0:00:28]} Kf6 {[%clk 0:01:06]} 52.
h4 {[%clk 0:00:28]} Kf5 {[%clk 0:01:05]} 53. Kh2 {[%clk 0:00:29]} h5 {[%clk
0:01:05]} 54. Kg3 {[%clk 0:00:29]} Kf6 {[%clk 0:01:05]} 55. Kf4 {[%clk 0:00:30]}
Bd5 {[%clk 0:01:00]} 56. Rb6+ {[%clk 0:00:30]} Be6 {[%clk 0:01:00]} 57. g4 {[%clk
0:00:31]} hxg4 {[%clk 0:00:59]} 58. fxg4 {[%clk 0:00:31]} Kf7 {[%clk 0:01:00]}
59. Kg5 {[%clk 0:00:30]} Bc4 {[%clk 0:00:52]} 60. Rxg6 {[%clk 0:00:20]}  1-0

[Event "Deutsche Blitz-Einzelmeisterschaft der Frauen 2021"]
[Site "Magdeburg"]
[Date "2021.08.01"]
[Round "13"]
[Board "9"]
[White "Mader, Lena"]
[Black "Brunner, Sophia"]
[Result "0-1"]
[WhiteElo "1689"]
[BlackElo "1741"]
[PlyCount "0"]
[EventDate "2021.08.01"]
[EventRounds "21"]
[EventCountry "GER"]

1. c4 {[%clk 0:03:04]} e5 {[%clk 0:03:03]} 2. g3 {[%clk 0:03:04]} Nc6 {[%clk
0:03:04]} 3. Bg2 {[%clk 0:03:05]} d6 {[%clk 0:03:05]} 4. d3 {[%clk 0:03:02]} f6
{[%clk 0:02:50]} 5. Nf3 {[%clk 0:03:00]} Nge7 {[%clk 0:02:38]} 6. O-O {[%clk
0:03:00]} Be6 {[%clk 0:02:39]} 7. Nc3 {[%clk 0:03:00]} Qd7 {[%clk 0:02:39]} 8.
Re1 {[%clk 0:02:52]} g5 {[%clk 0:02:29]} 9. Rb1 {[%clk 0:02:48]} h5 {[%clk
0:02:30]} 10. b4 {[%clk 0:02:48]} h4 {[%clk 0:02:29]} 11. b5 {[%clk 0:02:38]} Nd8
{[%clk 0:02:29]} 12. e4 {[%clk 0:02:12]} Bh3 {[%clk 0:02:01]} 13. Re3 {[%clk
0:01:21]} hxg3 {[%clk 0:01:32]} 14. fxg3 {[%clk 0:01:19]} Bxg2 {[%clk 0:01:11]}
15. Kxg2 {[%clk 0:01:20]} Qh3+ {[%clk 0:01:12]} 16. Kg1 {[%clk 0:01:21]} Ng6
{[%clk 0:00:59]} 17. Qe2 {[%clk 0:01:09]} Ne7 {[%clk 0:00:47]} 18. Qg2 {[%clk
0:01:04]} Qh5 {[%clk 0:00:44]} 19. Nd5 {[%clk 0:00:52]} Nxd5 {[%clk 0:00:41]} 20.
cxd5 {[%clk 0:00:53]} g4 {[%clk 0:00:23]} 21. Nh4 {[%clk 0:00:50]} Bh6 {[%clk
0:00:24]} 22. Rf3 {[%clk 0:00:42]} gxf3 {[%clk 0:00:22]} 23. Nxf3 {[%clk
0:00:41]} Bxc1 {[%clk 0:00:23]} 24. Rxc1 {[%clk 0:00:43]} Rc8 {[%clk 0:00:20]}
25. Nh4 {[%clk 0:00:36]} Qg5 {[%clk 0:00:17]} 26. Rd1 {[%clk 0:00:29]} Rxh4
{[%clk 0:00:13]} 27. gxh4 {[%clk 0:00:30]} Qxg2+ {[%clk 0:00:14]} 28. Kxg2 {[%clk
0:00:30]} Nf7 {[%clk 0:00:14]} 29. Rf1 {[%clk 0:00:22]} Ke7 {[%clk 0:00:15]} 30.
Kg3 {[%clk 0:00:20]} Rg8+ {[%clk 0:00:14]} 31. Kh3 {[%clk 0:00:20]} Rh8 {[%clk
0:00:15]} 32. Kg4 {[%clk 0:00:19]} Rh6 {[%clk 0:00:13]} 33. a4 {[%clk 0:00:14]}
Rg6+ {[%clk 0:00:12]} 34. Kh3 {[%clk 0:00:15]} Nh6 {[%clk 0:00:10]} 35. a5 {[%clk
0:00:05]} Rg4 {[%clk 0:00:10]} 36. h5  0-1

[Event "Deutsche Blitz-Einzelmeisterschaft der Frauen 2021"]
[Site "Magdeburg"]
[Date "2021.08.01"]
[Round "13"]
[Board "10"]
[White "Schneider, Birgit"]
[Black "Moenster, Madita"]
[Result "0-1"]
[WhiteElo "1993"]
[BlackElo "1889"]
[PlyCount "0"]
[EventDate "2021.08.01"]
[EventRounds "21"]
[EventCountry "GER"]

1. e4 {[%clk 0:03:03]} c5 {[%clk 0:03:04]} 2. c3 {[%clk 0:03:04]} Nf6 {[%clk
0:03:04]} 3. e5 {[%clk 0:03:05]} Nd5 {[%clk 0:03:05]} 4. d4 {[%clk 0:03:05]} cxd4
{[%clk 0:03:05]} 5. Nf3 {[%clk 0:03:04]} e6 {[%clk 0:03:03]} 6. cxd4 {[%clk
0:03:02]} Nc6 {[%clk 0:02:54]} 7. Bc4 {[%clk 0:03:02]} d6 {[%clk 0:02:57]} 8. O-O
{[%clk 0:02:54]} Be7 {[%clk 0:02:49]} 9. Bb3 {[%clk 0:02:24]} O-O {[%clk
0:02:47]} 10. Nc3 {[%clk 0:02:07]} Nxc3 {[%clk 0:02:43]} 11. bxc3 {[%clk
0:02:08]} dxe5 {[%clk 0:02:43]} 12. Nxe5 {[%clk 0:01:57]} Nxe5 {[%clk 0:02:40]}
13. dxe5 {[%clk 0:01:58]} Qc7 {[%clk 0:02:37]} 14. Qe2 {[%clk 0:01:33]} Qxc3
{[%clk 0:02:19]} 15. Bb2 {[%clk 0:01:33]} Qa5 {[%clk 0:02:09]} 16. Rac1 {[%clk
0:01:16]} b6 {[%clk 0:02:06]} 17. Qe4 {[%clk 0:00:57]} Rb8 {[%clk 0:01:56]} 18.
Qg4 {[%clk 0:00:43]} Ba6 {[%clk 0:01:41]} 19. Rfe1 {[%clk 0:00:38]} Bd3 {[%clk
0:01:36]} 20. Re3 {[%clk 0:00:35]} Bf5 {[%clk 0:01:30]} 21. Qg3 {[%clk 0:00:29]}
Qd2 {[%clk 0:01:22]} 22. Rc7  0-1

[Event "Deutsche Blitz-Einzelmeisterschaft der Frauen 2021"]
[Site "Magdeburg"]
[Date "2021.08.01"]
[Round "13"]
[Board "11"]
[White "Zimmer, Elke"]
[Black "Michna, Marta"]
[Result "0-1"]
[WhiteElo "1872"]
[BlackElo "2416"]
[PlyCount "0"]
[EventDate "2021.08.01"]
[EventRounds "21"]
[EventCountry "GER"]

1. e4 {[%clk 0:03:03]} e6 {[%clk 0:03:03]} 2. d4 {[%clk 0:03:04]} d6 {[%clk
0:02:59]} 3. Nf3 {[%clk 0:03:05]} g6 {[%clk 0:02:59]} 4. c3 {[%clk 0:03:05]} Bg7
{[%clk 0:03:00]} 5. Bc4 {[%clk 0:03:05]} Ne7 {[%clk 0:02:52]} 6. O-O {[%clk
0:03:06]} a6 {[%clk 0:03:01]} 7. Be3 {[%clk 0:03:05]} Nd7 {[%clk 0:02:57]} 8. Qc1
{[%clk 0:03:04]} h6 {[%clk 0:02:58]} 9. Na3 {[%clk 0:03:02]} b5 {[%clk 0:02:33]}
10. Bd3 {[%clk 0:03:00]} Nb6 {[%clk 0:02:25]} 11. b3 {[%clk 0:02:58]} Bb7 {[%clk
0:02:27]} 12. Nc2 {[%clk 0:02:57]} g5 {[%clk 0:02:20]} 13. Rd1 {[%clk 0:02:45]}
Ng6 {[%clk 0:01:56]} 14. c4 {[%clk 0:02:18]} O-O {[%clk 0:01:50]} 15. Rb1 {[%clk
0:02:16]} Qd7 {[%clk 0:01:25]} 16. d5 {[%clk 0:02:06]} Qe7 {[%clk 0:01:16]} 17.
Bd4 {[%clk 0:01:58]} Bxd4 {[%clk 0:01:06]} 18. Ncxd4 {[%clk 0:01:55]} bxc4 {[%clk
0:00:59]} 19. bxc4 {[%clk 0:01:56]} Rab8 {[%clk 0:01:01]} 20. g3 {[%clk 0:01:44]}
Nd7 {[%clk 0:00:58]} 21. Bf1 {[%clk 0:01:36]} Qf6 {[%clk 0:00:54]} 22. Bg2 {[%clk
0:01:35]} Nc5 {[%clk 0:00:57]} 23. Ne2 {[%clk 0:01:09]} a5 {[%clk 0:00:52]} 24.
Ne1 {[%clk 0:01:04]} Ba6 {[%clk 0:00:51]} 25. Rxb8 {[%clk 0:00:57]} Rxb8 {[%clk
0:00:52]} 26. Nd3 {[%clk 0:00:53]} Nxd3 {[%clk 0:00:53]} 27. Rxd3 {[%clk
0:00:53]} Ne5 {[%clk 0:00:54]} 28. Rb3 {[%clk 0:00:50]} Rf8 {[%clk 0:00:50]} 29.
Rc3 {[%clk 0:00:20]} a4 {[%clk 0:00:51]} 30. Bf1 {[%clk 0:00:14]} Rb8 {[%clk
0:00:41]} 31. f4 {[%clk 0:00:03]} Ng6 {[%clk 0:00:39]}  0-1

[Event "Deutsche Blitz-Einzelmeisterschaft der Frauen 2021"]
[Site "Magdeburg"]
[Date "2021.08.01"]
[Round "14"]
[Board "1"]
[White "Wulf, Constanze"]
[Black "Michna, Marta"]
[Result "0-1"]
[WhiteElo "1817"]
[BlackElo "2416"]
[PlyCount "0"]
[EventDate "2021.08.01"]
[EventRounds "21"]
[EventCountry "GER"]

1. e4 {[%clk 0:03:03]} e6 {[%clk 0:03:04]} 2. d3 {[%clk 0:03:04]} g6 {[%clk
0:03:00]} 3. Nf3 {[%clk 0:02:58]} Bg7 {[%clk 0:03:01]} 4. Nbd2 {[%clk 0:02:53]}
Ne7 {[%clk 0:03:00]} 5. g3 {[%clk 0:02:31]} b6 {[%clk 0:03:02]} 6. Bg2 {[%clk
0:02:32]} Bb7 {[%clk 0:03:03]} 7. O-O {[%clk 0:02:32]} d6 {[%clk 0:03:03]} 8. c3
{[%clk 0:02:18]} Nd7 {[%clk 0:03:03]} 9. Qe2 {[%clk 0:01:59]} a5 {[%clk 0:03:04]}
10. h4 {[%clk 0:01:47]} h6 {[%clk 0:02:54]} 11. Re1 {[%clk 0:01:29]} Ba6 {[%clk
0:02:55]} 12. Nf1 {[%clk 0:01:24]} Nc5 {[%clk 0:02:41]} 13. c4 {[%clk 0:00:53]}
a4 {[%clk 0:02:42]} 14. Qc2 {[%clk 0:00:43]} Nc6 {[%clk 0:02:35]} 15. Be3 {[%clk
0:00:39]} Nb4 {[%clk 0:02:18]} 16. Qd2 {[%clk 0:00:25]} Nbxd3 {[%clk 0:02:15]}
17. Bxc5 {[%clk 0:00:18]} Nxc5 {[%clk 0:02:14]} 18. Qc2 {[%clk 0:00:14]} a3
{[%clk 0:01:57]} 19. Rab1 {[%clk 0:00:06]} axb2 {[%clk 0:01:57]} 20. Ne3 {[%clk
0:00:05]} Bb7 {[%clk 0:01:56]} 21. Nd2 {[%clk 0:00:04]} Rxa2 {[%clk 0:01:52]} 22.
Nd1 {[%clk 0:00:03]} Ra1 {[%clk 0:01:39]} 23. Nxb2  0-1

[Event "Deutsche Blitz-Einzelmeisterschaft der Frauen 2021"]
[Site "Magdeburg"]
[Date "2021.08.01"]
[Round "14"]
[Board "2"]
[White "Moenster, Madita"]
[Black "Zimmer, Elke"]
[Result "1-0"]
[WhiteElo "1889"]
[BlackElo "1872"]
[PlyCount "0"]
[EventDate "2021.08.01"]
[EventRounds "21"]
[EventCountry "GER"]

1. e4 {[%clk 0:03:03]} c6 {[%clk 0:03:04]} 2. Nf3 {[%clk 0:03:03]} d5 {[%clk
0:03:05]} 3. Nc3 {[%clk 0:03:03]} g6 {[%clk 0:03:02]} 4. d4 {[%clk 0:03:02]} Bg7
{[%clk 0:03:02]} 5. Be2 {[%clk 0:02:54]} e6 {[%clk 0:02:52]} 6. O-O {[%clk
0:02:53]} Ne7 {[%clk 0:02:53]} 7. Bg5 {[%clk 0:02:46]} h6 {[%clk 0:02:53]} 8. Bf4
{[%clk 0:02:45]} O-O {[%clk 0:02:43]} 9. Qd2 {[%clk 0:02:44]} Kh7 {[%clk
0:02:45]} 10. Rad1 {[%clk 0:02:36]} Nd7 {[%clk 0:02:43]} 11. b4 {[%clk 0:02:24]}
Nf6 {[%clk 0:02:44]} 12. e5 {[%clk 0:02:21]} Nh5 {[%clk 0:02:45]} 13. Be3 {[%clk
0:02:09]} f5 {[%clk 0:02:30]} 14. Ne1 {[%clk 0:01:49]} f4 {[%clk 0:02:28]} 15.
Bxh5 {[%clk 0:01:48]} fxe3 {[%clk 0:02:28]} 16. Bxg6+ {[%clk 0:01:40]} Nxg6
{[%clk 0:02:16]} 17. Qxe3 {[%clk 0:01:38]} Qg5 {[%clk 0:02:26]} 18. Qd3 {[%clk
0:01:23]} Bd7 {[%clk 0:02:26]} 19. Nf3 {[%clk 0:01:21]} Qf5 {[%clk 0:01:50]} 20.
Qd2 {[%clk 0:01:03]} Qg4 {[%clk 0:01:27]} 21. h3 {[%clk 0:01:01]} Qg5 {[%clk
0:01:24]} 22. Nxg5+ {[%clk 0:01:01]} hxg5 {[%clk 0:01:24]} 23. Qxg5 {[%clk
0:01:00]} Rf5 {[%clk 0:01:24]} 24. Qd2 {[%clk 0:00:59]} Raf8 {[%clk 0:01:25]} 25.
Ne2 {[%clk 0:00:58]} Bh6 {[%clk 0:01:25]} 26. Qd3 {[%clk 0:00:58]} Be8 {[%clk
0:01:22]} 27. Ng3 {[%clk 0:00:56]} Rg5 {[%clk 0:01:19]} 28. Rde1 {[%clk 0:00:51]}
Kh8 {[%clk 0:01:19]} 29. Qe2 {[%clk 0:00:49]} Nf4 {[%clk 0:01:18]} 30. Qd2 {[%clk
0:00:46]} Nxh3+ {[%clk 0:00:25]} 31. gxh3 {[%clk 0:00:30]} Rxg3+ {[%clk 0:00:26]}
32. fxg3 {[%clk 0:00:31]} Bxd2 {[%clk 0:00:27]} 33. Rxf8+ {[%clk 0:00:31]} Kg7
{[%clk 0:00:28]} 34. Ref1 {[%clk 0:00:28]} Be3+ {[%clk 0:00:29]} 35. Kg2 {[%clk
0:00:28]} Bg6 {[%clk 0:00:29]} 36. h4 {[%clk 0:00:25]} Be4+ {[%clk 0:00:29]} 37.
Kh2 {[%clk 0:00:26]} Bxc2 {[%clk 0:00:27]} 38. R1f7+ {[%clk 0:00:25]} Kg6 {[%clk
0:00:28]} 39. Rf6+ {[%clk 0:00:25]} Kg7 {[%clk 0:00:30]} 40. R8f7+ {[%clk
0:00:25]} Kg8 {[%clk 0:00:31]} 41. Rxb7 {[%clk 0:00:25]} Bxd4 {[%clk 0:00:28]}
42. Rxe6 {[%clk 0:00:24]} Kf8 {[%clk 0:00:24]} 43. Rxc6 {[%clk 0:00:25]} Bf5
{[%clk 0:00:19]} 44. Rf6+ {[%clk 0:00:25]}  1-0

[Event "Deutsche Blitz-Einzelmeisterschaft der Frauen 2021"]
[Site "Magdeburg"]
[Date "2021.08.01"]
[Round "14"]
[Board "3"]
[White "Brunner, Sophia"]
[Black "Schneider, Birgit"]
[Result "1/2-1/2"]
[WhiteElo "1741"]
[BlackElo "1993"]
[PlyCount "0"]
[EventDate "2021.08.01"]
[EventRounds "21"]
[EventCountry "GER"]

1. d4 {[%clk 0:03:03]} d5 {[%clk 0:03:04]} 2. Nf3 {[%clk 0:03:04]} Nf6 {[%clk
0:03:05]} 3. g3 {[%clk 0:03:06]} e6 {[%clk 0:03:05]} 4. Bg2 {[%clk 0:03:06]} c5
{[%clk 0:03:06]} 5. O-O {[%clk 0:03:06]} Nc6 {[%clk 0:03:07]} 6. e3 {[%clk
0:03:05]} Be7 {[%clk 0:03:07]} 7. b3 {[%clk 0:03:06]} O-O {[%clk 0:03:07]} 8. Bb2
{[%clk 0:03:08]} b6 {[%clk 0:02:51]} 9. c4 {[%clk 0:03:02]} Bb7 {[%clk 0:02:46]}
10. Nbd2 {[%clk 0:02:56]} Rc8 {[%clk 0:02:41]} 11. Rc1 {[%clk 0:02:55]} Nb4
{[%clk 0:02:13]} 12. Ne5 {[%clk 0:02:37]} Nxa2 {[%clk 0:01:55]} 13. Ra1 {[%clk
0:02:38]} Nb4 {[%clk 0:01:56]} 14. Rxa7 {[%clk 0:02:19]} Bc6 {[%clk 0:01:30]} 15.
Bc3 {[%clk 0:01:52]} cxd4 {[%clk 0:01:23]} 16. Bxd4 {[%clk 0:01:35]} Bc5 {[%clk
0:01:12]} 17. Bxc5 {[%clk 0:01:20]} bxc5 {[%clk 0:01:13]} 18. cxd5 {[%clk
0:01:09]} Bxd5 {[%clk 0:00:58]} 19. Ndc4 {[%clk 0:00:50]} Ne4 {[%clk 0:00:38]}
20. Bxe4 {[%clk 0:00:26]} Bxe4 {[%clk 0:00:38]} 21. Qxd8 {[%clk 0:00:27]} Rcxd8
{[%clk 0:00:35]} 22. Rd7 {[%clk 0:00:18]} Bc2 {[%clk 0:00:24]} 23. Rc7 {[%clk
0:00:11]} Bxb3 {[%clk 0:00:18]} 24. Rxc5 {[%clk 0:00:12]} Nd3 {[%clk 0:00:17]}
25. Nxd3 {[%clk 0:00:13]} Rxd3 {[%clk 0:00:18]} 26. Ne5 {[%clk 0:00:14]} Rd2
{[%clk 0:00:17]} 27. Nf3 {[%clk 0:00:14]} Rc2 {[%clk 0:00:16]} 28. Rxc2 {[%clk
0:00:12]} Bxc2 {[%clk 0:00:18]} 29. Nd4 {[%clk 0:00:13]} Be4 {[%clk 0:00:12]} 30.
f3 {[%clk 0:00:13]} Bg6 {[%clk 0:00:19]} 31. Rc1 {[%clk 0:00:14]} h6 {[%clk
0:00:20]} 32. Kf2 {[%clk 0:00:15]} Ra8 {[%clk 0:00:21]} 33. Re1 {[%clk 0:00:11]}
Ra2+ {[%clk 0:00:22]} 34. Re2 {[%clk 0:00:13]} Rxe2+ {[%clk 0:00:21]} 35. Kxe2
{[%clk 0:00:14]} Kf8 {[%clk 0:00:22]} 36. e4 {[%clk 0:00:15]} Ke7 {[%clk
0:00:24]} 37. Ke3 {[%clk 0:00:16]} Kd6 {[%clk 0:00:25]} 38. f4 {[%clk 0:00:18]}
f6 {[%clk 0:00:25]} 39. Nb5+ {[%clk 0:00:17]} Kc5 {[%clk 0:00:26]} 40. Nc7 {[%clk
0:00:17]} Kd6 {[%clk 0:00:19]} 41. Nb5+ {[%clk 0:00:16]} Kc5 {[%clk 0:00:27]} 42.
Nd4 {[%clk 0:00:15]} Bf7 {[%clk 0:00:22]} 43. Nf3 {[%clk 0:00:07]} Kc4 {[%clk
0:00:19]} 44. g4 {[%clk 0:00:07]} Kc5 {[%clk 0:00:20]} 45. h4 {[%clk 0:00:07]}
Kc4 {[%clk 0:00:21]} 46. g5 {[%clk 0:00:08]} hxg5 {[%clk 0:00:22]} 47. hxg5
{[%clk 0:00:09]} Kc5 {[%clk 0:00:19]} 48. gxf6 {[%clk 0:00:06]} gxf6 {[%clk
0:00:20]} 49. f5 {[%clk 0:00:06]} exf5 {[%clk 0:00:18]}  1/2-1/2

[Event "Deutsche Blitz-Einzelmeisterschaft der Frauen 2021"]
[Site "Magdeburg"]
[Date "2021.08.01"]
[Round "14"]
[Board "4"]
[White "Ries, Jutta"]
[Black "Mader, Lena"]
[Result "1/2-1/2"]
[WhiteElo "2094"]
[BlackElo "1689"]
[PlyCount "0"]
[EventDate "2021.08.01"]
[EventRounds "21"]
[EventCountry "GER"]

1. f4 {[%clk 0:03:03]} Nf6 {[%clk 0:03:00]} 2. Nf3 {[%clk 0:03:02]} d6 {[%clk
0:02:55]} 3. b3 {[%clk 0:03:03]} c5 {[%clk 0:02:56]} 4. Bb2 {[%clk 0:03:04]} g6
{[%clk 0:02:53]} 5. e3 {[%clk 0:03:05]} Bg7 {[%clk 0:02:54]} 6. Bb5+ {[%clk
0:03:05]} Bd7 {[%clk 0:02:53]} 7. a4 {[%clk 0:03:03]} O-O {[%clk 0:02:52]} 8. O-O
{[%clk 0:03:03]} a6 {[%clk 0:02:53]} 9. Bxd7 {[%clk 0:03:04]} Qxd7 {[%clk
0:02:52]} 10. Nc3 {[%clk 0:03:04]} Nc6 {[%clk 0:02:54]} 11. d3 {[%clk 0:03:02]}
Rab8 {[%clk 0:02:44]} 12. Qd2 {[%clk 0:03:01]} b5 {[%clk 0:02:39]} 13. axb5
{[%clk 0:02:51]} axb5 {[%clk 0:02:40]} 14. e4 {[%clk 0:02:47]} b4 {[%clk
0:02:22]} 15. Na4 {[%clk 0:02:34]} e5 {[%clk 0:02:16]} 16. fxe5 {[%clk 0:02:33]}
Nxe5 {[%clk 0:02:14]} 17. Nxe5 {[%clk 0:02:23]} dxe5 {[%clk 0:02:08]} 18. Bxe5
{[%clk 0:02:32]} Rbc8 {[%clk 0:02:07]} 19. Nb6 {[%clk 0:02:32]} Qe6 {[%clk
0:02:02]} 20. Nxc8 {[%clk 0:02:06]} Rxc8 {[%clk 0:02:04]} 21. Bxf6 {[%clk
0:01:54]} Bxf6 {[%clk 0:02:05]} 22. Rad1 {[%clk 0:01:42]} Bd4+ {[%clk 0:01:57]}
23. Kh1 {[%clk 0:01:42]} Ra8 {[%clk 0:01:54]} 24. Qf4 {[%clk 0:01:36]} Kg7 {[%clk
0:01:49]} 25. Rf3 {[%clk 0:01:34]} Ra2 {[%clk 0:01:43]} 26. Qd2 {[%clk 0:01:13]}
Qa6 {[%clk 0:01:26]} 27. Rdf1 {[%clk 0:01:12]} f6 {[%clk 0:01:24]} 28. h4 {[%clk
0:00:52]} h5 {[%clk 0:01:16]} 29. Qf4 {[%clk 0:00:36]} Be5 {[%clk 0:01:08]} 30.
Qc1 {[%clk 0:00:30]} Qe6 {[%clk 0:01:02]} 31. g3 {[%clk 0:00:18]} Qh3+ {[%clk
0:00:58]} 32. Kg1 {[%clk 0:00:19]} Bd4+ {[%clk 0:01:00]} 33. R1f2 {[%clk
0:00:17]} Bxf2+ {[%clk 0:00:55]} 34. Kxf2 {[%clk 0:00:08]} Qh2+ {[%clk 0:00:56]}
35. Ke3 {[%clk 0:00:18]} Rxc2 {[%clk 0:00:56]} 36. Qe1 {[%clk 0:00:14]} Rc3
{[%clk 0:00:40]} 37. e5 {[%clk 0:00:14]} fxe5 {[%clk 0:00:36]} 38. Qf1 {[%clk
0:00:16]} Rc2 {[%clk 0:00:22]} 39. Rf7+ {[%clk 0:00:16]} Kh6 {[%clk 0:00:22]} 40.
Qe1 {[%clk 0:00:15]} Qg2 {[%clk 0:00:20]}  1/2-1/2

[Event "Deutsche Blitz-Einzelmeisterschaft der Frauen 2021"]
[Site "Magdeburg"]
[Date "2021.08.01"]
[Round "14"]
[Board "5"]
[White "Noll, Sonja"]
[Black "Zschischang, Marine"]
[Result "0-1"]
[WhiteElo "1707"]
[BlackElo "2034"]
[PlyCount "0"]
[EventDate "2021.08.01"]
[EventRounds "21"]
[EventCountry "GER"]

1. e4 {[%clk 0:03:03]} e6 {[%clk 0:03:04]} 2. Nf3 {[%clk 0:03:03]} d5 {[%clk
0:03:05]} 3. exd5 {[%clk 0:03:04]} exd5 {[%clk 0:03:07]} 4. d4 {[%clk 0:03:04]}
Nf6 {[%clk 0:03:08]} 5. c4 {[%clk 0:03:05]} Be7 {[%clk 0:03:08]} 6. Be2 {[%clk
0:03:05]} c6 {[%clk 0:03:09]} 7. O-O {[%clk 0:03:05]} O-O {[%clk 0:03:09]} 8. Nc3
{[%clk 0:03:06]} Bg4 {[%clk 0:03:08]} 9. b3 {[%clk 0:03:06]} Nbd7 {[%clk
0:03:04]} 10. Ne5 {[%clk 0:03:01]} Bxe2 {[%clk 0:03:02]} 11. Qxe2 {[%clk
0:03:01]} dxc4 {[%clk 0:02:55]} 12. Nxc4 {[%clk 0:02:49]} Re8 {[%clk 0:02:53]}
13. Be3 {[%clk 0:02:47]} Nb6 {[%clk 0:02:49]} 14. Ne5 {[%clk 0:02:41]} Nfd5
{[%clk 0:02:42]} 15. Ne4 {[%clk 0:02:32]} f5 {[%clk 0:02:27]} 16. Ng3 {[%clk
0:02:15]} f4 {[%clk 0:02:15]} 17. Qh5 {[%clk 0:01:56]} Rf8 {[%clk 0:01:54]} 18.
Nf5 {[%clk 0:01:24]} fxe3 {[%clk 0:01:45]} 19. Qg4 {[%clk 0:01:15]} exf2+ {[%clk
0:00:49]} 20. Rxf2 {[%clk 0:01:11]} Bg5 {[%clk 0:00:30]} 21. h4 {[%clk 0:00:50]}
Ne3 {[%clk 0:00:32]} 22. Qxg5 {[%clk 0:00:43]} Qxg5 {[%clk 0:00:22]} 23. hxg5
{[%clk 0:00:40]} Rxf5 {[%clk 0:00:22]} 24. Re1 {[%clk 0:00:33]} Rxf2 {[%clk
0:00:33]} 25. Kxf2 {[%clk 0:00:34]} Ned5 {[%clk 0:00:25]} 26. Nc4 {[%clk
0:00:31]} Rf8+ {[%clk 0:00:32]} 27. Kg3 {[%clk 0:00:30]} g6 {[%clk 0:00:32]} 28.
Nd6 {[%clk 0:00:29]} Rb8 {[%clk 0:00:32]} 29. Ne4 {[%clk 0:00:30]} Kg7 {[%clk
0:00:29]} 30. Nf6 {[%clk 0:00:31]} Nxf6 {[%clk 0:00:30]} 31. Re7+ {[%clk
0:00:30]} Kf8 {[%clk 0:00:30]} 32. gxf6 {[%clk 0:00:31]} Nd5 {[%clk 0:00:27]} 33.
Rxh7 {[%clk 0:00:31]} Nxf6 {[%clk 0:00:28]} 34. Rh8+ {[%clk 0:00:32]} Ng8 {[%clk
0:00:29]} 35. Kg4 {[%clk 0:00:33]} Kg7 {[%clk 0:00:31]} 36. Rh1 {[%clk 0:00:32]}
Rd8 {[%clk 0:00:32]} 37. Rd1 {[%clk 0:00:29]} Rd5 {[%clk 0:00:32]} 38. Kf4 {[%clk
0:00:27]} Kf6 {[%clk 0:00:33]} 39. g4 {[%clk 0:00:28]} g5+ {[%clk 0:00:33]} 40.
Ke4 {[%clk 0:00:29]} Ne7 {[%clk 0:00:20]} 41. Rf1+ {[%clk 0:00:30]} Ke6 {[%clk
0:00:32]} 42. Rh1 {[%clk 0:00:27]} Rd8 {[%clk 0:00:31]} 43. Rh6+ {[%clk 0:00:27]}
Kf7 {[%clk 0:00:32]} 44. Rh7+ {[%clk 0:00:28]} Kf6 {[%clk 0:00:33]} 45. Rh6+
{[%clk 0:00:28]} Ng6 {[%clk 0:00:34]} 46. Rh7 {[%clk 0:00:26]} Re8+ {[%clk
0:00:35]} 47. Kd3 {[%clk 0:00:24]} Re7 {[%clk 0:00:33]} 48. Rh1 {[%clk 0:00:24]}
Nf4+ {[%clk 0:00:32]} 49. Kc4 {[%clk 0:00:17]} b6 {[%clk 0:01:30]} 50. b4 {[%clk
0:00:18]} Kg7 {[%clk 0:01:29]} 51. a4 {[%clk 0:00:19]} Re2 {[%clk 0:01:28]} 52.
b5 {[%clk 0:00:20]} cxb5+ {[%clk 0:01:26]} 53. Kxb5 {[%clk 0:00:21]} Rb2+ {[%clk
0:01:24]} 54. Kc4 {[%clk 0:00:22]} a5 {[%clk 0:01:23]} 55. d5 {[%clk 0:00:14]}
Rb4+ {[%clk 0:01:23]} 56. Kc3 {[%clk 0:00:14]} Nxd5+ {[%clk 0:01:23]} 57. Kc2
{[%clk 0:00:23]} Rxg4 {[%clk 0:01:21]} 58. Rd1 {[%clk 0:00:24]} Ne3+ {[%clk
0:01:21]}  0-1